000 00530nam a22001697a 4500
005 20251108172420.0
008 250721s2002 xx 000 0 ara d
082 1 4 _a411.4/خطا
100 1 _aالخطاط، خالد محمد المصري
_eتأليف
245 1 0 _aمرجع الطلاب في الخط العربي /
264 1 _aبيروت :
_bدار الكتب العلمية،
_c2002.
300 _a222 ص
650 1 7 _aاللغة العربية
650 1 7 _aالخط العربي
942 _2ddc
_cBK
999 _c78732
_d78732